| Tag |
First Indicator |
Second Indicator |
Subfields |
| LEADER |
00000cam a2200000Ia 4500 |
| 001 |
in00002007686 |
| 005 |
20151031124254.0 |
| 008 |
041018s2004 fr a 000 0 eng d |
| 020 |
|
|
|a 9264017437
|
| 035 |
|
|
|a (OCoLC)ocm56757788
|
| 040 |
|
|
|a ABC
|c ABC
|d TXA
|d UtOrBLW
|
| 049 |
|
|
|a TXAM
|
| 090 |
|
|
|a LB2326.3
|b .U585 2004
|
| 245 |
0 |
0 |
|a University research management :
|b meeting the institutional challenge /
|c edited by Helen Connell.
|
| 264 |
|
1 |
|a Paris, France :
|b Organisation for Economic Co-operation and Developement,
|c 2004.
|
| 300 |
|
|
|a 258 pages :
|b illustrations ;
|c 23 cm.
|
| 336 |
|
|
|a text
|b txt
|2 rdacontent
|
| 337 |
|
|
|a unmediated
|b n
|2 rdamedia
|
| 338 |
|
|
|a volume
|b nc
|2 rdacarrier
|
| 505 |
0 |
|
|a Foreword -- Executive summary -- Introduction -- The growing significance of the research mission to higher education institutions -- Strengthening structures and processes for research management across the institution -- Funding and resourcing university research -- Nurturing the research career -- A question of scale and focus at the University of Adelaide, Australia: trends in research management and support at the institutional level -- Response to changes in research funding at the Universidade Federal do Rio Grande do Sul, Brazil -- A HEI with entrepreneurial orientation: Universidade de Aveiro, Portugal -- Restructuring amid crisis: Humboldt Universität Berlin, Germany -- New working conditions of researchers: Université Libre de Bruxelles -- Building a research profile: Boğaziçi Üniversitesi, Turkey -- Research management at Kebangsaan University, Malaysia: towards the making of a research university -- Developing research in a HEI: Dublin Institute of Technology, Ireland -- Contributors.
|
| 650 |
|
0 |
|a Research
|x Management.
|
| 650 |
|
0 |
|a Education, Higher
|x Research.
|
| 650 |
|
0 |
|a Research
|x Finance.
|
| 650 |
|
0 |
|a Research institutes.
|
| 700 |
1 |
|
|a Connell, Helen
|q (Helen M.)
|
| 710 |
2 |
|
|a Organisation for Economic Co-operation and Development.
|
| 948 |
|
|
|a cataloged
|b h
|c 2004/10/20
|d c
|e ceaton
|f 1:11:20 pm
|
| 994 |
|
|
|a C0
|b TXA
|
| 999 |
|
|
|a MARS
|
| 999 |
f |
f |
|s 5bb97431-7d38-3f36-ae83-54235660b332
|i d066aed0-006a-3e11-a43d-c18aa0bbf85d
|t 0
|
| 952 |
f |
f |
|p normal
|a Texas A&M University
|b College Station
|c Sterling C. Evans Library
|d Evans: Library Stacks
|t 0
|e LB2326.3 .U585 2004
|h Library of Congress classification
|i unmediated -- volume
|m A14831375906
|
| 998 |
f |
f |
|a LB2326.3 .U585 2004
|t 0
|l Evans: Library Stacks
|